00375nam a22001457a 4500003000400000008004100004020001800045082001200063100002000075245006400095250001300159260003400172300001100206650001200217OSt240329b |||||||| |||| 00| 0 eng d a9789389211788 a628 BHE aBHARUCHA, Erach aTextbook of Environmental Studies for Undergraduate Courses a3rd. ed. aTelanganabUniversities Press a266 p. aEnglish